Hans Zimmer Movies - Statistics

General Stats
  • This quiz has been taken 354 times
    237 since last reset
  • The average score is 28 of 273
Answer Stats
Year Movie % Correct
2014 Interstellar
87%
2010 Inception
80%
2008 The Dark Knight
73%
1994 | 2019 The Lion King
73%
2021 Dune
61%
2005 Batman Begins
59%
2012 The Dark Knight Rises
58%
2000 Gladiator
53%
2017 Dunkirk
48%
2008 Kung Fu Panda
38%
2013 Man of Steel
35%
2001 Pearl Harbor
35%
2011 Kung Fu Panda 2
34%
2016 Kung Fu Panda 3
34%
2024 Dune: Part Two
32%
1988 Rain Man
32%
2003 The Last Samurai
30%
2007 Pirates of the Caribbean: At World's End
29%
2006 Pirates of the Caribbean: Dead Man's Chest
29%
2021 No Time to Die
27%
2011 Pirates of the Caribbean: On Stranger Tides
27%
1989 Driving Miss Daisy
24%
1998 The Thin Red Line
24%
2020 Wonder Woman 1984
23%
2005 Madagascar
22%
2006 The Da Vinci Code
22%
1996 The Rock
22%
2016 Batman V. Superman: Dawn of Justice
20%
2009 Sherlock Holmes
20%
2022 Top Gun: Maverick
20%
2009 Angels and Demons
19%
2006 The Holiday
19%
1998 The Prince of Egypt
19%
1995 Crimson Tide
18%
2003 Pirates of the Caribbean: The Curse of the Black Pearl
18%
2011 Rango
18%
2013 Rush
18%
1993 True Romance
18%
2017 Blade Runner 2049
16%
2017 Justice League
16%
2013 The Lone Ranger
16%
2001 Black Hawk Down
15%
2002 Spirit: Stallion of the Cimarron
15%
2014 The Amazing Spider-Man 2
15%
2017 The Boss Baby
15%
2023 The Creator
15%
1991 Thelma and Louise
15%
2002 The Ring
15%
2013 12 Years a Slave
14%
2006 The Prestige
14%
1992 Toys
14%
1993 Cool Runnings
13%
1990 Days of Thunder
13%
2008 Frost/Nixon
13%
2016 Inferno
13%
2004 King Arthur
13%
1992 The Power of One
13%
1997 As Good as it Gets
11%
1989 Black Rain
11%
1996 Broken Arrow
11%
1994 Drop Zone
11%
2001 Hannibal
11%
2016 Hidden Figures
11%
2008 Madagascar: Escape 2 Africa
11%
2004 Shark Tale
11%
2011 Sherlock Holmes: A Game of Shadows
11%
2003 Tears of the Sun
11%
2015 The Little Prince
11%
1996 The Preacher's Wife
11%
2000 The Road to El Dorado
11%
2022 The Son
11%
2005 The Weather Man
11%
1991 Backdraft
10%
1993 Calendar Girl
10%
1985 Insignificance
10%
1991 K2
10%
2012 Madagascar 3: Europe's Most Wanted
10%
2010 Megamind
10%
1982 Moonlighting
10%
2024 Mufasa: The Lion King
10%
1996 Muppet Treasure Island
10%
1995 Nine Months
10%
1994 Renaissance Man
10%
2004 Spanglish
10%
2004 Thunderbirds
10%
2019 X-Men: Dark Phoenix
10%
1992 A League of Their Own
9%
1988 A World Apart
9%
1990 Bird on a Wire
9%
2015 CHAPPIE
9%
1994 I'll Do Anything
9%
2004 Laura's Star
9%
2003 Matchstick Men
9%
2000 Mission Impossible II
9%
1990 Pacific Heights
9%
1988 Paperhouse
9%
1995 Something to Talk About
9%
2014 Son of God
9%
1987 Terminal Exposure
9%
2007 The Simpsons Movie
9%
2020 The SpongeBob Movie: Sponge on the Run
9%
1986 The Zero Boys
9%
1993 Younger and Younger
9%
2021 Army of Thieves
8%
1995 Beyond Rangoon
8%
1990 Chicago Joe and the Showgirl
8%
1999 Chill Factor
8%
1990 Fools of Fortune
8%
2015 Freeheld
8%
1990 Green Card
8%
2010 How Do You Know
8%
2009 It's Complicated
8%
1985 My Beautiful Laundrette
8%
1988 Nightmare at Noon
8%
1997 Peacemaker
8%
1993 Point of No Return
8%
1992 Radio Flyer
8%
2001 Riding in Cars With boys
8%
1986 Separate Vacations
8%
2001 Shrek
8%
2004 Shrek 2
8%
1984 Success is the Best Revenge
8%
1988 Taffin
8%
2021 The Boss Baby: Family Business
8%
1996 The Fan
8%
1988 The Fruit Machine
8%
2005 The Ring Two
8%
1995 Two Deaths
8%
1991 Where Sleeping Dogs Lie
8%
1991 White Fang
8%
2018 Widows
8%
2000 An Everlasting Piece
6%
1998 Antz
6%
2023 Are You There God? It's Me, Margaret.
6%
1988 Burning Secret
6%
2000 Chicken Run
6%
2010 Despicable Me
6%
2001 Invincible
6%
2008 Iron Man
6%
1991 Regarding Henry
6%
1997 Smilla's Sense of Snow
6%
2003 Something's Gotta Give
6%
2011 The Dilemma
6%
1993 The House of the Spirits
6%
1988 The Nature of the Beast
6%
2001 The Pledge
6%
1984 The Story of O 2
6%
2021 The Unforgivable
6%
1996 The Whole Wide World
6%
1989 | 1996 Twister
6%
1985 Wild Horses
6%
2015 Woman in Gold
6%
2021 Zack Snyder's Justice League
6%
1993 Batman: Mask of the Phantasm
5%
1986 Castaway
5%
2005 Chicken Little
5%
2014 Divergent
5%
1997 Face/Off
5%
2020 Hillbilly Elegy
5%
2000 King of the Jungle
5%
2017 Rings
5%
2021 Space Jam: A New Legacy
5%
2008 The Burning Plain
5%
2023 The Flash
5%
1987 The Last Emperor
5%
2016 The Last Face
5%
2005 The Little Polar Bear 2: The Mysterious Island
5%
2021 The Survivor
5%
2009 Transformers: Revenge of the Fallen
5%
2005 Wallace and Gromit: The Curse of the Were-Rabbit
5%
2014 Winter's Tale
5%
1989 Comeback
4%
1989 Dark Obsession
4%
1983 Eureka
4%
1993 Lifepod
4%
1994 Monkey Trouble
4%
2009 Monsters V.S. Aliens
4%
2006 Over the Hedge
4%
1987 Prick Up Your Ears
4%
2003 Sinbad: Legend of the Seven Seas
4%
2021 Spider-Man: No Way Home
4%
2005 The Island
4%
2014 Transformers: Age of Extinction
4%
2016 13 Hours
3%
2009 2012
3%
1993 Aspen Extreme
3%
2007 August Rush
3%
2007 Bee Movie
3%
1991 Dakota Road
3%
1997 Deceiver
3%
2022 The Volcano: Rescue from Whakaari
3%
2006 DOA: Dead or Alive
3%
2015 Dope
3%
1998 Endurance
3%
1999 From Dusk Till Dawn 3: The Hangman's Daughter
3%
2010 Henri 4
3%
2001 I Am Sam
3%
1998 Jack Frost
3%
2001 Jason X
3%
2003 Johnny English
3%
2002 Live From Baghdad
3%
1987 Man kann ja nie wissen
3%
2011 Pizza Man
3%
1996 Precious Finds
3%
1988 Prisoner of Rio
3%
1997 Pterodactyl Woman From Beverly Hills
3%
2013 Red Wing
3%
2022 Scream
3%
1997 Scream 2
3%
2023 Scream VI
3%
2023 Shazam! Fury of the Gods
3%
2023 Sheroes
3%
1993 Sniper
3%
1992 Spies Inc.
3%
2001 Spy Kids
3%
2015 Terminator: Genisys
3%
1997 The Borrowers
3%
1985 The Lightship
3%
2006 The Reef
3%
2020 The Rhythm Section
3%
1988 Track 29
3%
2005 Undiscovered
3%
2008 Vantage Point
3%
2007 Where's Waldo: The Second Coming
3%
1996 White Squall
3%
1998 With Friends Like These
3%
2016 A Cure for Wellness
1%
2005 All the Invisible Children
1%
2006 Curious George
1%
2017 Diana and I
1%
2000 Dungeons and Dragons
1%
2004 Ella Enchanted
1%
2005 El sueno de Paco
1%
2013 Hansel and Gretel: Witch Hunters
1%
2021 Harry Haft
1%
2004 House of D
1%
2013 I'm in Love With a Church girl
1%
2006 Impy's Island
1%
2013 Last Love
1%
2019 Looking Up
1%
2018 Morning Express II
1%
2018 Oh! Squints III
1%
2009 Pirate Radio
1%
2014 Pride
1%
2004 Rancid
1%
2010 Removal
1%
2006 Rescue Dawn
1%
2021 Scarborough
1%
2011 Season of the Witch
1%
2006 Souls For Sale
1%
2009 The Code
1%
2016 The Edge of Seventeen
1%
2015 The End of the Tour
1%
2017 The Immortal Life of Henrietta Lacks
1%
2007 The Kite Runner
1%
2010 The Rig
1%
2017 The Road of Love
1%
2007 The Show
1%
2014 Women of the Bible
1%
2006 Ask the Dust
0%
2017 Baby Driver
0%
2008 Babylon A.D.
0%
2012 Bullet to the Head
0%
2013 Captain Phillips
0%
2008 Casi divas
0%
2009 Mr. Nobody
0%
2009 Public Enemies
0%
2013 Side by Side
0%
2014 The Letters
0%
2007 War of the Servers
0%
No matching quizzes found
Score Distribution
Percent of People with Each Score
Percentile by Number Answered
Your Score History
You have not taken this quiz since the last reset